000 00780nam a2200241Ia 4500
001 1982
003 GE_BSU
008 181216s||||||||xx |||||||||||||| ||und||
020 _a5797508672
040 _cGE_BSU
080 _a342.4(1-87)(075.8)
245 _aКонституционное право зарубежных стран в вопросах и ответах
245 _bУчебно-методическое пособие
245 _cПод ред.А.М.Малько
250 _a2-е изд. доп. и перераб
260 _aМосква
260 _bЮристь
260 _c2006
300 _a285стр. 19см.
541 _h8л.
653 _aКонституционное право в вопросах и ответах
942 _cBK
999 _c36082
_d36082